[Event "Karvina op"]
[Site "Karvina"]
[Date "2016.07.02"]
[Round "1"]
[White "Chwastek, Otto"]
[Black "Nurkiewicz, Maciej"]
[Result "0-1"]
[WhiteElo "1837"]
[BlackElo "2372"]
[PlyCount "96"]
[EventDate "2016.07.02"]
[EventType "swiss"]
[EventRounds "9"]
[EventCountry "CZE"]
[SourceTitle "EXT 2017"]
[Source "ChessBase"]
[SourceDate "2016.10.25"]
[SourceVersion "1"]
[SourceVersionDate "2016.10.25"]
[SourceQuality "1"]

1. e4 c5 2. Nf3 d6 3. d4 cxd4 4. Nxd4 Nf6 5. Nc3 a6 6. Be2 e5 7. Nb3 Be7 8. Be3 Be6 9. 0-0 0-0 10. Kh1 Nc6 11. f4 exf4 12. Bxf4 d5 13. exd5 Nxd5 14. Nxd5 Qxd5 15. Bf3 Qxd1 16. Raxd1 Rfd8 17. c3 a5 18. Rxd8+ Nxd8 19. Rd1 a4 20. Nd2 Bxa2 21. Ra1 Be6 22. Ne4 Ra6 23. Rd1 f6 24. Nc5 Bxc5 25. Rxd8+ Kf7 26. Rb8 b6 27. Bh5+ g6 28. Rb7+ Kg8 29. Be2 Ra8 30. Bh6 a3 31. bxa3 Rxa3 32. Rb8+ Kf7 33. Rb7+ Ke8 34. Bb5+ Kd8 35. Rb8+ Bc8 36. g3 g5 37. Bg7 Kc7 38. Rxc8+ Kxc8 39. Bxf6 g4 40. h4 Bd6 41. Bd3 Bxg3 42. Bf5+ Kc7 43. Bxg4 Ra4 44. Bf5 Bxh4 45. Be5+ Kb7 46. Bxh7 Be1 47. Bd3 Ra3 48. Be4+ Ka7 0-1

[Event "Orlova op 10th"]
[Site "Orlova"]
[Date "2013.05.15"]
[Round "3"]
[White "Ocko, Dominik"]
[Black "Chwastek, Otto"]
[Result "1/2-1/2"]
[WhiteElo "1423"]
[BlackElo "1904"]
[PlyCount "35"]
[EventDate "2013.05.13"]
[EventType "swiss"]
[EventRounds "9"]
[EventCountry "CZE"]
[SourceTitle "CBM 154 Extra"]
[Source "ChessBase"]
[SourceDate "2013.06.25"]
[SourceVersion "2"]
[SourceVersionDate "2013.06.25"]
[SourceQuality "1"]

1. e4 c5 2. Nf3 d6 3. d4 cxd4 4. Nxd4 Nf6 5. Nc3 a6 6. f4 Qc7 7. Nf3 e6 8. Bd3 Nbd7 9. a4 Be7 10. 0-0 0-0 11. Qe1 Re8 12. Qh4 Nxe4 13. Ng5 Nxg5 14. fxg5 g6 15. Ne4 Bf8 16. Nf6+ Nxf6 17. gxf6 Qc5+ 18. Kh1 1/2-1/2

[Event "Orlova op 7th"]
[Site "Orlova"]
[Date "2010.05.27"]
[Round "7"]
[White "Chwastek, Otto"]
[Black "Szotkowski, Jakub"]
[Result "0-1"]
[WhiteElo "1992"]
[BlackElo "1751"]
[PlyCount "32"]
[EventDate "2010.05.22"]
[EventType "swiss"]
[EventRounds "7"]
[EventCountry "CZE"]
[SourceTitle "EXT 2012"]
[Source "ChessBase"]
[SourceDate "2011.11.24"]
[SourceVersion "1"]
[SourceVersionDate "2011.11.24"]
[SourceQuality "1"]

1. e4 c5 2. Nf3 Nc6 3. d4 cxd4 4. Nxd4 Nf6 5. Nc3 e6 6. a3 Bc5 7. Nxc6 bxc6 8. Be2 d5 9. exd5 cxd5 10. 0-0 0-0 11. Qd3 a5 12. Qg3 Bd6 13. Bf4 Bxf4 14. Qxf4 Ba6 15. Qd4 Bxe2 16. Nxe2 Qd6 0-1

[Event "Orlova op 7th"]
[Site "Orlova"]
[Date "2010.05.23"]
[Round "2"]
[White "Ganaus, Hannes"]
[Black "Chwastek, Otto"]
[Result "1-0"]
[WhiteElo "2297"]
[BlackElo "1992"]
[PlyCount "27"]
[EventDate "2010.05.22"]
[EventType "swiss"]
[EventRounds "7"]
[EventCountry "CZE"]
[SourceTitle "EXT 2012"]
[Source "ChessBase"]
[SourceDate "2011.11.24"]
[SourceVersion "1"]
[SourceVersionDate "2011.11.24"]
[SourceQuality "1"]

1. Nf3 Nf6 2. e3 d5 3. c4 c6 4. Nc3 e6 5. Qc2 Be7 6. g4 dxc4 7. Bxc4 Nbd7 8. Rg1 b5 9. Be2 Bb7 10. b3 b4 11. Na4 Nd5 12. g5 Bd6 13. Bb2 e5 14. e4 1-0

[Event "Orlova op 5th"]
[Site "Orlova"]
[Date "2008.05.22"]
[Round "6"]
[White "Chwastek, Otto"]
[Black "Olsarova, Tereza"]
[Result "1/2-1/2"]
[WhiteElo "1995"]
[BlackElo "2093"]
[PlyCount "101"]
[EventDate "2008.05.17"]
[EventType "swiss"]
[EventRounds "9"]
[EventCountry "CZE"]
[SourceTitle "EXT 2012"]
[Source "ChessBase"]
[SourceDate "2011.11.24"]
[SourceVersion "1"]
[SourceVersionDate "2011.11.24"]
[SourceQuality "1"]

1. e4 e5 2. Nf3 Nc6 3. Bb5 a6 4. Bxc6 dxc6 5. 0-0 Bg4 6. d3 Qf6 7. Nbd2 Ne7 8. Nc4 Ng6 9. Ne3 Bxf3 10. Qxf3 Qxf3 11. gxf3 Nh4 12. Nc4 Nxf3+ 13. Kg2 Nh4+ 14. Kg3 Ng6 15. Na5 0-0-0 16. a3 Be7 17. b4 c5 18. bxc5 Bxc5 19. Be3 Bxe3 20. fxe3 f6 21. a4 Ne7 22. Rab1 b6 23. Nb3 Nc6 24. a5 Nxa5 25. Nxa5 bxa5 26. Ra1 Rd6 27. Rxa5 Rb6 28. Rfa1 Kb7 29. d4 Re8 30. d5 Ra8 31. c4 Rb4 32. Rc5 a5 33. Raxa5 Rxa5 34. Rxa5 Rxc4 35. Kf3 Rc2 36. h3 c6 37. Ra1 c5 38. Rg1 g6 39. Rb1+ Kc7 40. Ra1 c4 41. Ra7+ Kd6 42. Rxh7 c3 43. Rf7 f5 44. Rf6+ Kd7 45. exf5 gxf5 46. Rc6 Rc1 47. Ke2 e4 48. h4 Rc2+ 49. Ke1 Rc1+ 50. Ke2 Rc2+ 51. Ke1 1/2-1/2

[Event "Orlova op 5th"]
[Site "Orlova"]
[Date "2008.05.21"]
[Round "5"]
[White "Chwastek, Otto"]
[Black "Fuskova, Martina"]
[Result "1-0"]
[WhiteElo "1995"]
[BlackElo "1503"]
[PlyCount "43"]
[EventDate "2008.05.17"]
[EventType "swiss"]
[EventRounds "9"]
[EventCountry "CZE"]
[SourceTitle "EXT 2012"]
[Source "ChessBase"]
[SourceDate "2011.11.24"]
[SourceVersion "1"]
[SourceVersionDate "2011.11.24"]
[SourceQuality "1"]

1. e4 c6 2. d4 d5 3. e5 Bf5 4. Nc3 e6 5. Bd3 Bxd3 6. Qxd3 Nd7 7. Nf3 c5 8. Be3 Qc7 9. 0-0 f6 10. Rfe1 c4 11. Qe2 fxe5 12. Nxe5 Ngf6 13. Bf4 Bd6 14. Nb5 Qb6 15. Nxd7 Qxb5 16. Nxf6+ Kd8 17. Bxd6 gxf6 18. Qxe6 Re8 19. Qxf6+ Kc8 20. Qf7 Rxe1+ 21. Rxe1 Qd7 22. Re8+ 1-0

[Event "Orlova op 5th"]
[Site "Orlova"]
[Date "2008.05.20"]
[Round "4"]
[White "Zabystrzan, Pavel"]
[Black "Chwastek, Otto"]
[Result "1-0"]
[WhiteElo "2295"]
[BlackElo "1995"]
[PlyCount "51"]
[EventDate "2008.05.17"]
[EventType "swiss"]
[EventRounds "9"]
[EventCountry "CZE"]
[SourceTitle "EXT 2012"]
[Source "ChessBase"]
[SourceDate "2011.11.24"]
[SourceVersion "1"]
[SourceVersionDate "2011.11.24"]
[SourceQuality "1"]

1. Nf3 Nf6 2. g3 d5 3. Bg2 e6 4. 0-0 Be7 5. c4 c6 6. b3 Nbd7 7. Bb2 0-0 8. Nc3 a6 9. d3 b5 10. Qc2 Bb7 11. e4 dxe4 12. Nxe4 Rc8 13. Ne5 Nxe4 14. Bxe4 Nxe5 15. Bxe5 Bf6 16. d4 h6 17. Rad1 Qe7 18. c5 Bxe5 19. dxe5 f5 20. exf6 gxf6 21. Rd6 Rfd8 22. Rfd1 f5 23. Bxf5 exf5 24. Qxf5 Rxd6 25. Rxd6 Rc7 26. Rg6+ 1-0

[Event "Orlova op 4th"]
[Site "Orlova"]
[Date "2007.05.24"]
[Round "6"]
[White "Bolacky, Jiri"]
[Black "Chwastek, Otto"]
[Result "1-0"]
[WhiteElo "2281"]
[BlackElo "1959"]
[PlyCount "65"]
[EventDate "2007.05.19"]
[EventType "swiss"]
[EventRounds "9"]
[EventCountry "CZE"]
[SourceTitle "EXT 2012"]
[Source "ChessBase"]
[SourceDate "2011.11.24"]
[SourceVersion "1"]
[SourceVersionDate "2011.11.24"]
[SourceQuality "1"]

1. e4 c6 2. d4 d5 3. e5 Bf5 4. Nf3 e6 5. Be2 Nd7 6. 0-0 Be7 7. b3 Bg6 8. c4 h5 9. Nc3 Nh6 10. Bf4 Nf5 11. Rc1 Ba3 12. Rc2 Nh4 13. Bd3 Bxd3 14. Qxd3 dxc4 15. bxc4 Nxf3+ 16. Qxf3 g5 17. Ne4 Be7 18. Bxg5 Qc7 19. Bxe7 Kxe7 20. Rd1 b6 21. Qf4 Rag8 22. Ng5 Rg7 23. Re2 Ke8 24. d5 Nf8 25. dxe6 Nxe6 26. Nxe6 fxe6 27. Red2 Rhg8 28. Qf6 Re7 29. Rd6 Qc8 30. R1d3 c5 31. Qh6 Qa8 32. Qxh5+ Rf7 33. Rd8+ 1-0